000 00822nas a2200265 4500
001 BR9505613
003 BR-BrBNA
005 20231205094441.0
007 ta
008 230509b bl.|||p| |||| 00| 00por d
040 _aBR-BrBNA
_bpor
_cBiblioteca Nacional de Agricultura
041 _a(Pt)
072 _aF30
100 1 _aMoreira, J. de A.N.
100 1 _aSilva, F.P. da
100 1 _aAlves, J.F.
100 1 _aBezerra, F.F.
245 1 _aSugestoes em torno do uso da macho esterilidade na exploracao do vigor hibrido no algodao "moco" Gossypium hirsutum marie galante Hutch
650 _aAlgodao Moco
650 _aVigor Hibrido
650 _aCeara
773 0 _tCiencia Agronomica (Brazil)
_x
_g(Dec 1973), v. 3(1-2) p. 1-4
_wBR9505613
909 _a202311
_bLúcia
_c55
_dLúcia Elande
942 _2AGRIS
_n0
_cANA
999 _c144399
_d144399